Culture Générale - Série 180 - Statistiques

Statistiques générales
  • Ce quiz a été pris 423 fois
  • Le résultat moyen est 6 sur 10
Statistiques - réponses
Question Réponse % Correct
De quelle nationalité est la "petite fille" du titre "Manhattan-Kaboul" ? Afghane
81%
A quel comique doit-on le tube "Bo le lavabo" en 1989 ? Vincent Lagaf
78%
Dans "Du côté de chez Swann", sous quel arbre Dave avait-il rendez-vous ? Chêne
74%
Quelle monnaie l'euro a-t-il remplacée en Espagne ? Peseta
72%
Quel insecte est "Zobi" dans une chanson des Négresses vertes ? Une mouche
70%
Quel sport est associé au célèbre "Allez les petits !" de Roger Couderc ? Rugby
65%
Dans quel Etat des Etats-Unis est située la ville de Detroit ? Michigan
59%
En 2006, quel comique réalise le film "La Maison du bonheur" ? Dany Boon
44%
Qui interprète la chanson "Oh ! Ma jolie Sarah" en 1971 ? Johnny Hallyday
40%
En 1960, quels ancêtres Henri Salvador évoque-t-il dans "Faut rigoler" ? Les Gaulois
38%
Aucun quiz correspondant
Distribution des résultats
% des personnes avec chaque résultat
Percentile par nombre de réponses
Votre historique - résultats
Vous n’avez pas pris ce quiz